Aptitudes de diferentes especies del género eucaliptus como materia prima celulósica / (Record no. 37188)

MARC details
000 -LEADER
campo de control de longitud fija 00769nam a2200205 i 4500
001 - NÚMERO DE CONTROL
campo de control 37188
003 - IDENTIFICADOR DE NÚMERO DE CONTROL
campo de control ES-MaACL
005 - FECHA Y HORA DE LA ÚLTIMA TRANSACCIÓN
campo de control 20230906155524.0
007 - CAMPO FIJO DE DESCRIPCIÓN FÍSICA--INFORMACIÓN GENERAL
campo de control de longitud fija t|
008 - DATOS DE LONGITUD FIJA--INFORMACIÓN GENERAL
campo de control de longitud fija 030220s1983 sp ||||1| spa d
100 1# - ENTRADA PRINCIPAL--NOMBRE DE PERSONA
Nombre de persona Bustamante Ezpeleta, Luis.
9 (RLIN) 32873
245 10 - MENCIÓN DEL TÍTULO
Título Aptitudes de diferentes especies del género eucaliptus como materia prima celulósica /
Mención de responsabilidad, etc. Luis Bustamante Expeleta, J. A. de los Santos Viqueira.
260 ## - PUBLICACIÓN, DISTRIBUCIÓN, ETC.
Lugar de publicación, distribución, etc. Madrid :
Nombre del editor, distribuidor, etc. Instituto Nacional de Investigaciones Agrarias,
Fecha de publicación, distribución, etc. 1983.
300 ## - DESCRIPCIÓN FÍSICA
Extensión 378 p. ;
Dimensiones 24 cm.
650 #4 - PUNTO DE ACCESO ADICIONAL DE MATERIA--TÉRMINO DE MATERIA
Término de materia o nombre geográfico como elemento de entrada Eucaliptos.
9 (RLIN) 167289
650 #4 - PUNTO DE ACCESO ADICIONAL DE MATERIA--TÉRMINO DE MATERIA
Término de materia o nombre geográfico como elemento de entrada Celulosa.
9 (RLIN) 158799
700 1# - ENTRADA AGREGADA--NOMBRE PERSONAL
Nombre de persona Santos Viqueira, J. A. de los.
9 (RLIN) 103539
710 2# - ENTRADA AGREGADA--NOMBRE DE ENTIDAD CORPORATIVA
Nombre de entidad corporativa o nombre de jurisdicción como elemento de entrada Instituto Nacional de Investigaciones Agrarias (España)
9 (RLIN) 5168
852 ## - LOCALIZACIÓN
Ubicación ES-MaACL
Número de control de estantería L-5266
Sublocalización o colección R.105811
Holdings
Estatus retirado Estado de pérdida Estado de daño No para préstamo Biblioteca de origen Biblioteca actual Ubicación en estantería Fecha de adquisición Fuente de adquisición Total de préstamos Signatura topográfica completa Código de barras Visto por última vez Precio de reemplazo Tipo de ítem Koha
        Biblioteca del Ateneo de Madrid Biblioteca del Ateneo de Madrid Depósito 2 17/01/2008     L-5266 1039127 23/02/2023 23/02/2023 Libro impreso